[Event "Duisburg Grossenbaum op"]
[Site "Duisburg"]
[Date "2005.05.14"]
[Round "2"]
[White "Makarov, Juri"]
[Black "Kreft, Maximilian"]
[Result "1/2-1/2"]
[WhiteElo "1745"]
[BlackElo "1390"]
[PlyCount "71"]
[EventDate "2005.05.13"]
[EventType "swiss"]
[EventRounds "7"]
[EventCountry "GER"]
[SourceTitle "EXT 2006"]
[Source "ChessBase"]
[SourceDate "2005.11.24"]
[SourceVersion "1"]
[SourceVersionDate "2005.11.24"]
[SourceQuality "1"]

1. Nf3 d5 2. c4 Be6 3. Ng5 Nf6 4. Nxe6 fxe6 5. c5 g6 6. d4 Nc6 7. e3 Bg7 8. a3 e5 9. dxe5 Nxe5 10. f4 Nc6 11. Bd3 Ne4 12. Qb3 Nxc5 13. Qc2 Nxd3+ 14. Qxd3 a6 15. Nc3 d4 16. Ne4 dxe3 17. Qxe3 Nd4 18. Qd3 Nf5 19. Qxd8+ Rxd8 20. Nc5 Rd6 21. Nxb7 Re6+ 22. Kf1 Bd4 23. g4 Ne3+ 24. Bxe3 Rxe3 25. Kg2 0-0 26. Rhe1 Rb3 27. Re4 Rxb2+ 28. Kh1 Rd2 29. Rc1 Bb2 30. Rxc7 Bxa3 31. Nc5 Rb8 32. Re1 Rbb2 33. Ne6 Rxh2+ 34. Kg1 Rbg2+ 35. Kf1 Rf2+ 36. Kg1 1/2-1/2

[Event "Dortmund op-B"]
[Site "Dortmund"]
[Date "2004.07.28"]
[Round "6"]
[White "Kaphle, Stephan"]
[Black "Makarov, Juri"]
[Result "0-1"]
[WhiteElo "1611"]
[BlackElo "1771"]
[PlyCount "84"]
[EventDate "2004.07.??"]
[EventType "swiss"]
[EventRounds "9"]
[EventCountry "GER"]
[SourceTitle "EXT 2006"]
[Source "ChessBase"]
[SourceDate "2005.11.24"]
[SourceVersion "1"]
[SourceVersionDate "2005.11.24"]
[SourceQuality "1"]

1. e4 e6 2. d4 d5 3. e5 c5 4. c3 Nc6 5. f4 cxd4 6. cxd4 Bb4+ 7. Nc3 Nge7 8. Nf3 Nf5 9. a3 Ba5 10. b4 Bb6 11. Bb5 0-0 12. Bxc6 bxc6 13. Na4 Ba6 14. Qd2 Bb5 15. Nc3 Bc4 16. Bb2 a5 17. bxa5 Bxa5 18. Kf2 Qb6 19. g4 Nh6 20. h3 Kh8 21. Na4 Qb3 22. Nc3 Rfb8 23. Rhb1 g6 24. Ke3 Kg7 25. Qc1 Bb6 26. Qd1 c5 27. Qd2 cxd4+ 28. Nxd4 Bxd4+ 29. Qxd4 Qc2 30. Qd2 d4+ 31. Qxd4 Rd8 32. Qxc4 Qd2+ 33. Kf3 Rd3+ 34. Qxd3 Qxd3+ 35. Kg2 Qc2+ 36. Kg1 Rd8 37. Ra2 Rd3 38. Ba1 Rg3+ 39. Kf1 Qd3+ 40. Re2 Rxh3 41. Rbe1 Rh1+ 42. Kg2 Qh3+ 0-1

[Event "Dortmund op-B"]
[Site "Dortmund"]
[Date "2004.07.24"]
[Round "2"]
[White "Dehning Busse, Karsten"]
[Black "Makarov, Juri"]
[Result "1/2-1/2"]
[WhiteElo "1649"]
[BlackElo "1771"]
[PlyCount "44"]
[EventDate "2004.07.??"]
[EventType "swiss"]
[EventRounds "9"]
[EventCountry "GER"]
[SourceTitle "EXT 2006"]
[Source "ChessBase"]
[SourceDate "2005.11.24"]
[SourceVersion "1"]
[SourceVersionDate "2005.11.24"]
[SourceQuality "1"]

1. d4 Nf6 2. Nc3 d5 3. Bg5 Bf5 4. e3 e6 5. Bd3 Bxd3 6. Qxd3 c6 7. Nf3 h6 8. Bh4 g5 9. Bg3 Bb4 10. 0-0 Bxc3 11. bxc3 Ne4 12. Be5 f6 13. Bxb8 Rxb8 14. Nd2 f5 15. f3 Nxd2 16. Qxd2 Qa5 17. Qd3 b5 18. e4 dxe4 19. fxe4 f4 20. e5 Qc7 21. Qg6+ Qf7 22. Qxf7+ Kxf7 1/2-1/2

[Event "Ruhrgebiet VK1 0304"]
[Site "Ruhrgebiet"]
[Date "2004.04.25"]
[Round "9.7"]
[White "Makarov, Juri"]
[Black "Hustert, Volker"]
[Result "0-1"]
[WhiteElo "1790"]
[BlackElo "1954"]
[PlyCount "104"]
[EventDate "2003.09.28"]
[EventType "team"]
[EventRounds "9"]
[EventCountry "GER"]
[SourceTitle "EXT 2007"]
[Source "ChessBase"]
[SourceDate "2006.11.23"]
[SourceVersion "1"]
[SourceVersionDate "2006.11.23"]
[SourceQuality "1"]
[WhiteTeam "Drewer SG"]
[BlackTeam "Witten"]
[WhiteTeamCountry "GER"]
[BlackTeamCountry "GER"]

1. e4 c5 2. Nf3 e6 3. d4 cxd4 4. Nxd4 Nf6 5. Bd3 a6 6. 0-0 Qc7 7. c4 Be7 8. Nc3 0-0 9. f4 Qb6 10. Be3 Nc6 11. Na4 Qc7 12. e5 Ne8 13. Bxh7+ Kxh7 14. Qh5+ Kg8 15. Rf3 Nxd4 16. Bxd4 Qxc4 17. Bc3 Qxa4 18. f5 Qh4 19. Qxh4 Bxh4 20. Rh3 Bg5 21. f6 Nc7 22. Re1 Nd5 23. Rg3 Bh6 24. Re4 Nxc3 25. bxc3 Kh7 26. Rh4 gxf6 27. Rgh3 fxe5 28. Rxh6+ Kg7 29. R6h5 d6 30. Rf3 Rg8 31. Rd3 d5 32. Rxe5 Kf6 33. Rh5 Rg7 34. Rh8 b5 35. g3 Bb7 36. Rh4 Rc8 37. a4 Rc4 38. Rxc4 bxc4 39. Rd2 Bc6 40. a5 Kf5 41. Kf2 Ba4 42. h3 Ke5 43. Re2+ Kd6 44. Rb2 Bb3 45. Kf3 e5 46. g4 d4 47. cxd4 exd4 48. Rf2 c3 49. Ke4 c2 50. Rf1 Kc5 51. Rf5+ Kc4 52. Rf6 Kc3 0-1

[Event "Ruhrgebiet VK1 0304"]
[Site "Ruhrgebiet"]
[Date "2004.02.08"]
[Round "6.8"]
[White "Makarov, Juri"]
[Black "Luft, Dennis"]
[Result "0-1"]
[WhiteElo "1790"]
[BlackElo "1738"]
[PlyCount "104"]
[EventDate "2003.09.28"]
[EventType "team"]
[EventRounds "9"]
[EventCountry "GER"]
[SourceTitle "EXT 2007"]
[Source "ChessBase"]
[SourceDate "2006.11.23"]
[SourceVersion "1"]
[SourceVersionDate "2006.11.23"]
[SourceQuality "1"]
[WhiteTeam "Drewer SG"]
[BlackTeam "Brackel III"]
[WhiteTeamCountry "GER"]
[BlackTeamCountry "GER"]

1. e4 e5 2. Nf3 Nc6 3. Bb5 a6 4. Ba4 Nf6 5. 0-0 b5 6. Bb3 Be7 7. Nc3 d6 8. d3 Bg4 9. h3 Bh5 10. Be3 0-0 11. Nd5 Na5 12. g4 Bg6 13. Nxe7+ Qxe7 14. Nh4 Nxb3 15. axb3 Qe6 16. f4 exf4 17. Bxf4 h5 18. Nf5 Rfe8 19. Kh2 hxg4 20. hxg4 d5 21. Nd4 Qxg4 22. Qxg4 Nxg4+ 23. Kg3 Nf6 24. e5 Nh5+ 25. Kg4 Nxf4 26. Kxf4 c5 27. Nf3 Rec8 28. Nh4 Bh7 29. Nf5 Bxf5 30. Kxf5 Rc6 31. Rf3 Re8 32. Rh3 Rce6 33. Re3 f6 34. Rae1 Kf7 35. c3 g6+ 36. Kf4 g5+ 37. Kf5 Rxe5+ 38. Rxe5 Rxe5+ 39. Rxe5 fxe5 40. Kxg5 Ke6 41. Kg4 Kf6 42. Kf3 Kf5 43. Ke3 a5 44. c4 d4+ 45. Ke2 bxc4 46. bxc4 e4 47. b3 e3 48. Kf3 Ke6 49. Kg2 Kd6 50. Kf3 Kc6 51. Ke2 a4 52. bxa4 Kb6 0-1